| 000 | 00595nam a2200205 u 4500 | ||
|---|---|---|---|
| 005 | 20220910063642.0 | ||
| 008 | 081112s2006 r 000 0 eng d | ||
| 020 | _a8424187687 | ||
| 035 | _aUPN01000167947 | ||
| 049 | _aI | ||
| 050 | 4 |
_aPN6101 _bC7.5 |
|
| 100 | 1 |
_aCruz-Contarini, Rafael, _d1960- _932493 |
|
| 245 | 1 | 0 |
_aMás o menos / _cRafael Cruz-Contarini ; il. Maribel Suárez. |
| 260 |
_aLeón, Esp. : _bEverest, _c[2006]. |
||
| 300 |
_a22 p. : _bil. col. |
||
| 440 | 0 | _aPequeño mundo | |
| 650 | 7 |
_aPoesía infantil _2 _91259 |
|
| 700 | 1 |
_aSuárez, Maribel, _eil. |
|
| 905 | _aInfantil | ||
| 999 |
_c140057 _d140057 |
||